[Event "Moscow Open A 2016"]
[Site "Moscow RUS"]
[Date "2016.01.31"]
[Round "2.64"]
[White "Anchutin, Nikita"]
[Black "Kazakovskiy, Valeriy"]
[Result "1/2-1/2"]
[BlackTitle "IM"]
[WhiteElo "2098"]
[BlackElo "2387"]
[WhiteFideId "34129895"]
[BlackFideId "13507443"]
[EventDate "2016.01.30"]

1. d4 Nf6 2. Nf3 e6 3. g3 d5 4. Bg2 b5 5. O-O Bb7 6. b3 b4 7. c4 bxc3 8. Nxc3
Nbd7 9. Bf4 Bd6 10. Rc1 O-O 11. Na4 Bxf4 12. gxf4 Ba6 13. Ne5 Nh5 14. Qd2 Nxe5
15. fxe5 Qh4 16. f4 Qg4 17. Rf3 f6 18. Rcf1 fxe5 19. fxe5 Rxf3 20. Rxf3 Bb5 21.
Nc5 Re8 22. e3 Qg6 23. Qd1 Qg5 24. a4 Bc6 25. Qf1 Qd8 26. Qa6 Bd7 27. Qxa7 g5
28. Rh3 Ng7 29. e4 Bc6 30. Rd3 dxe4 31. Bxe4 Bxe4 32. Nxe4 Nh5 33. Rf3 Qd5 34.
Nf6+ Nxf6 35. Rxf6 Qxb3 36. Qxc7 Qd1+ 37. Kg2 Qg4+ 38. Kf1 Qd1+ 39. Kg2 Qe2+ 40.
Kg3 Qe3+ 41. Kg2 Qe4+ 42. Kg3 Qh4+ 43. Kg2 Qg4+ 44. Kf1 Qh3+ 45. Kg1 Qe3+ 1/2-1/2

[Event "Moscow Open A 2016"]
[Site "Moscow RUS"]
[Date "2016.01.31"]
[Round "2.65"]
[White "Yandemirov, Valeri"]
[Black "Makoveev, Ilya"]
[Result "1-0"]
[WhiteTitle "GM"]
[WhiteElo "2386"]
[BlackElo "2148"]
[WhiteFideId "4102622"]
[BlackFideId "34155748"]
[EventDate "2016.01.30"]

1. Nf3 d5 2. g3 c6 3. Bg2 Nf6 4. O-O Bf5 5. b3 e6 6. d3 Be7 7. Bb2 O-O 8. Nbd2
Nbd7 9. e3 Qc7 10. Qe2 Rfd8 11. Nh4 Ne8 12. e4 Bg6 13. Nxg6 hxg6 14. e5 Nf8 15.
h4 f5 16. exf6 Bxf6 17. c3 Nd6 18. Nf3 Re8 19. d4 Nf7 20. c4 Re7 21. Rfe1 Rae8
22. Qc2 c5 23. cxd5 exd5 24. Rxe7 Rxe7 25. dxc5 Bxb2 26. Qxb2 Qxc5 27. Rc1 Qa5
28. b4 Qd8 29. Rd1 Rd7 30. Qb3 Ne6 31. Bh3 Rd6 32. Bxe6 Rxe6 33. Rxd5 Qe7 34.
Kg2 Rf6 35. Rd4 Kh8 36. Ng5 Nd6 37. Qd3 Kg8 38. Kf1 Ne8 39. Re4 Qf8 40. Re2 Nd6
41. Kg1 Nf7 42. Qd5 Rf5 43. Qd7 Nxg5 44. Re8 Nf3+ 45. Kh1 Qxe8 46. Qxe8+ Rf8 47.
Qxg6 Nd4 48. Qe4 Nc6 49. b5 Nd8 50. Qd5+ Kh7 51. Qc5 Ne6 52. Qxa7 Rf7 53. Kg2
Kg6 54. Qe3 Re7 55. a4 Kf7 56. a5 Nc7 57. Qf3+ Ke8 58. Qxb7 1-0

[Event "Moscow Open A 2016"]
[Site "Moscow RUS"]
[Date "2016.01.31"]
[Round "2.66"]
[White "Babarykin, Stanislav"]
[Black "Sargissyan, Sargis"]
[Result "0-1"]
[WhiteTitle "FM"]
[BlackTitle "FM"]
[WhiteElo "2384"]
[BlackElo "2311"]
[WhiteFideId "4101898"]
[BlackFideId "13303210"]
[EventDate "2016.01.30"]

1. e4 e5 2. Nc3 Nf6 3. Bc4 Bc5 4. d3 Nc6 5. f4 d6 6. Nf3 Ng4 7. Ng5 h6 8. f5
hxg5 9. Qxg4 f6 10. Na4 Nd4 11. Nxc5 dxc5 12. Qd1 b5 13. Bd5 c6 14. Bb3 a5 15.
c3 a4 16. Bc2 Nxc2+ 17. Qxc2 c4 18. dxc4 Qb6 19. Qe2 Rxh2 20. Rxh2 Qg1+ 21. Kd2
Qxh2 22. Kc2 Bb7 23. Be3 O-O-O 24. b3 Kc7 25. bxa4 bxc4 26. Rb1 Rd3 27. Rb4 Ba6
28. Rb6 Bb7 29. Rb4 Ba6 30. Bd2 c5 31. Rb2 Qh4 32. a3 Qg3 33. Qh5 Qf2 34. Qf7+
Rd7 0-1

[Event "Moscow Open A 2016"]
[Site "Moscow RUS"]
[Date "2016.01.31"]
[Round "2.67"]
[White "Trubchaninov, Timur"]
[Black "Golubev, Roman"]
[Result "1-0"]
[BlackTitle "FM"]
[WhiteElo "2144"]
[BlackElo "2365"]
[WhiteFideId "24176931"]
[BlackFideId "14202344"]
[EventDate "2016.01.30"]

1. e4 c5 2. Nf3 d6 3. d4 cxd4 4. Nxd4 Nf6 5. Nc3 g6 6. Be3 Nc6 7. f3 Bg7 8. Qd2
O-O 9. O-O-O Be6 10. Kb1 Ne5 11. h4 Bc4 12. Bd3 h5 13. g4 Bxd3 14. cxd3 e6 15.
gxh5 Nxh5 16. Rdg1 Nc6 17. Nde2 d5 18. d4 dxe4 19. fxe4 Qd7 20. e5 Rad8 21. Ne4
Qd5 22. N2c3 Qc4 23. Nd6 Qb4 24. a3 Qb3 25. Bh6 Qb6 26. Rg4 Ne7 27. Bg5 Rd7 28.
Bxe7 Rxe7 29. Nce4 Kh7 30. Rg5 f5 31. exf6 Bxf6 32. Rg4 Rd7 33. Rhg1 Rg8 34. Qc2
Qc6 35. Qd3 Qa6 36. Qc2 Qc6 37. Qd3 Qa6 38. Qf3 Bd8 39. Rxg6 Rxg6 40. Qxh5+ Rh6
41. Qe8 Rg7 42. Rxg7+ Kxg7 43. Qd7+ Kg8 44. Qxd8+ Kg7 45. Ne8+ 1-0

[Event "Moscow Open A 2016"]
[Site "Moscow RUS"]
[Date "2016.01.31"]
[Round "2.68"]
[White "Kozlitin, Roman"]
[Black "Zherebtsova, Alexandra"]
[Result "1-0"]
[WhiteTitle "FM"]
[BlackTitle "WFM"]
[WhiteElo "2355"]
[BlackElo "2130"]
[WhiteFideId "4142845"]
[BlackFideId "24129518"]
[EventDate "2016.01.30"]

1. Nf3 Nc6 2. c4 e5 3. Nc3 Nf6 4. g3 Be7 5. Bg2 O-O 6. d4 exd4 7. Nxd4 Ne5 8. b3
Re8 9. O-O a5 10. Bb2 Ra6 11. Qc2 Bc5 12. Rad1 Bxd4 13. Rxd4 Rae6 14. Rfd1 Nc6
15. R4d2 Nb4 16. Qb1 b6 17. a3 Na6 18. Ba1 Ng4 19. h3 Nh6 20. e3 d6 21. Nd5 Nc5 1-0

[Event "Moscow Open A 2016"]
[Site "Moscow RUS"]
[Date "2016.01.31"]
[Round "2.69"]
[White "Drygalov, Andrey"]
[Black "Nesterov, Arseniy"]
[Result "0-1"]
[WhiteElo "2352"]
[BlackElo "2049"]
[WhiteFideId "24171735"]
[BlackFideId "24198455"]
[EventDate "2016.01.30"]

1. e4 e5 2. Nf3 Nc6 3. Bc4 Nf6 4. d3 Be7 5. c3 O-O 6. Bb3 d6 7. O-O Bg4 8. Re1
Nd7 9. h3 Bh5 10. Nbd2 Nc5 11. Bc2 Ne6 12. Nf1 Ng5 13. Bxg5 Bxg5 14. Ng3 Bxf3
15. Qxf3 g6 16. Rad1 Bf6 17. Ba4 Bg7 18. d4 Rb8 19. dxe5 Nxe5 20. Qe2 Qh4 21.
Bb3 b5 22. Rd5 b4 23. Qe3 bxc3 24. bxc3 Rb6 25. f4 Nd7 26. e5 Bh6 27. Rf1 Nxe5
28. Qf2 Nd7 29. f5 Bg7 30. fxg6 hxg6 31. Ra5 Bxc3 32. Bxf7+ Kh8 33. Rd5 Ne5 34.
Qe3 Bb2 35. Be6 Rxf1+ 36. Nxf1 Rb4 37. Qd2 Qf4 38. Qxf4 Rxf4 39. Ng3 Bd4+ 40.
Kh2 Bb6 41. Rd1 Kg7 42. Kh1 Rd4 43. Rc1 c6 44. Bb3 d5 45. Re1 Bc7 46. Nf1 c5 47.
Ne3 c4 48. Bc2 Rd2 49. Bb1 Bd6 50. Nf1 Rb2 51. Rd1 c3 52. Ne3 d4 53. Nc2 d3 54.
Ne1 c2 55. Nxc2 dxc2 56. Bxc2 Rxc2 57. Rxd6 Rxa2 58. Rd5 Kf6 59. Kh2 a5 60. Kg3
a4 61. Ra5 a3 62. Kf4 g5+ 63. Ke4 Re2+ 64. Kd5 a2 65. g4 Rd2+ 66. Ke4 Re2+ 67.
Kd5 Nd3 68. Ra6+ Kf7 69. Ra7+ Re7 70. Ra3 Re1 0-1

[Event "Moscow Open A 2016"]
[Site "Moscow RUS"]
[Date "2016.01.31"]
[Round "2.70"]
[White "Frolyanov, Dmitry"]
[Black "Golikov, Daniil"]
[Result "1-0"]
[WhiteTitle "GM"]
[WhiteElo "2563"]
[BlackElo "2043"]
[WhiteFideId "4151976"]
[BlackFideId "24170623"]
[EventDate "2016.01.30"]

1. e4 e6 2. d4 d5 3. Nc3 Nf6 4. e5 Nfd7 5. f4 c5 6. Nf3 Nc6 7. Be3 a6 8. Qd2 b5
9. a3 Qa5 10. dxc5 Bxc5 11. Bxc5 Nxc5 12. Rd1 b4 13. axb4 Qxb4 14. Nd4 Bd7 15.
Nxc6 Bxc6 16. Qd4 Rb8 17. b3 Qa5 18. Qd2 O-O 19. Ne2 Rb4 20. Ng3 f6 21. Be2 fxe5
22. fxe5 d4 23. Rf1 Rfb8 24. Bc4 Bd5 25. Bxd5 exd5 26. Rf4 Ne6 27. Rf2 Qc7 28.
Kf1 d3 29. Qxd3 Rd4 30. Qf3 Rxd1+ 31. Qxd1 Qxe5 32. Qe1 Qxe1+ 33. Kxe1 Rf8 34.
Rd2 Rd8 35. Re2 Kf7 36. Kd2 g6 37. Re1 Ke7 38. Ne2 Kd6 39. Ra1 Nc7 40. Nf4 Re8
41. Nd3 Re4 42. Rf1 Ne6 43. Ra1 Nc7 44. g3 g5 45. c3 h5 46. Nb4 Re8 47. Ra5 h4
48. Nxa6 hxg3 49. Nxc7 Kxc7 50. hxg3 Kd6 51. Kd3 Re1 52. c4 dxc4+ 53. bxc4 Rd1+
54. Kc3 Rc1+ 55. Kb3 g4 56. Rg5 Kc6 57. Rxg4 Kc5 58. Rg5+ Kd4 59. Rd5+ Ke4 60.
g4 Rg1 61. g5 Rb1+ 62. Kc3 Rb6 63. Rd1 Rg6 64. c5 Rxg5 65. Kc4 Rg2 66. Re1+ Kf5
67. Kb5 Rb2+ 68. Kc6 Kf6 69. Kc7 Rb5 70. c6 Rb2 71. Kc8 Kf7 72. c7 Rb3 73. Re4
Rb1 74. Kd7 Rd1+ 75. Kc6 Rc1+ 76. Kb6 Kf6 77. Rb4 Ke7 78. Kb7 1-0

[Event "Moscow Open A 2016"]
[Site "Moscow RUS"]
[Date "2016.01.31"]
[Round "2.71"]
[White "Mikheev, Aleksey"]
[Black "Lintchevski, Daniil"]
[Result "0-1"]
[BlackTitle "GM"]
[WhiteElo "2235"]
[BlackElo "2563"]
[WhiteFideId "24177660"]
[BlackFideId "4171055"]
[EventDate "2016.01.30"]

1. e4 c5 2. Nf3 g6 3. d4 cxd4 4. Qxd4 Nf6 5. e5 Nc6 6. Qa4 Nd5 7. Qb3 Nc7 8. Bc4
Ne6 9. Qe3 Bg7 10. O-O Qc7 11. Re1 Ncd4 12. Qc3 d5 13. Bb3 Nxf3+ 14. gxf3 d4 15.
Qxc7 Nxc7 16. Nd2 Be6 17. Nc4 O-O-O 18. Bg5 Rd7 19. Rad1 Rhd8 20. Re2 h6 21. Bh4
g5 22. Bg3 h5 23. h4 g4 24. f4 Bh6 25. Red2 b6 26. Na3 Bxb3 27. axb3 Ne6 28. f5
Ng7 29. e6 Rd5 30. Re2 f6 31. Nc4 Nxf5 32. Rd3 Kb7 33. Kg2 a5 34. Re1 Rc8 35.
Red1 Rc6 36. c3 Rxe6 37. cxd4 Re4 38. Rc3 Rexd4 39. Rxd4 Rxd4 0-1

[Event "Moscow Open A 2016"]
[Site "Moscow RUS"]
[Date "2016.01.31"]
[Round "2.72"]
[White "Kharchenko, Boris"]
[Black "Okun, Evgeny"]
[Result "1-0"]
[WhiteTitle "GM"]
[WhiteElo "2506"]
[BlackElo "2227"]
[WhiteFideId "14113210"]
[BlackFideId "24131806"]
[EventDate "2016.01.30"]

1. e4 c5 2. c3 g6 3. Bc4 Bg7 4. Nf3 e6 5. O-O Ne7 6. e5 O-O 7. d4 d5 8. Bd3 Nbc6
9. Na3 Bd7 10. Nc2 c4 11. Be2 b5 12. Bf4 Nf5 13. Qd2 a5 14. Bg5 f6 15. exf6 Bxf6
16. Rae1 Nd6 17. Bh6 Bg7 18. Bxg7 Kxg7 19. Bd1 Ne4 20. Qc1 b4 21. Ne3 Nf6 22.
Ba4 bxc3 23. bxc3 Nb4 24. Qa3 Nd3 25. Rb1 Bxa4 26. Qxa4 Ne4 27. Rb7+ Kh8 28. Ng4
Nxc3 29. Qc2 Ne4 30. Nge5 Nb4 31. Qc1 Rb8 32. Nxg6+ 1-0

[Event "Moscow Open A 2016"]
[Site "Moscow RUS"]
[Date "2016.01.31"]
[Round "2.73"]
[White "Hadzimanolis, Antonios"]
[Black "Mokshanov, Alexey"]
[Result "1-0"]
[WhiteTitle "FM"]
[BlackTitle "IM"]
[WhiteElo "2219"]
[BlackElo "2470"]
[WhiteFideId "4202813"]
[BlackFideId "24121657"]
[EventDate "2016.01.30"]

1. e4 e5 2. Nf3 Nc6 3. Bb5 a6 4. Ba4 Nf6 5. O-O b5 6. Bb3 Be7 7. Re1 d6 8. c3
O-O 9. h3 Na5 10. Bc2 c5 11. d4 Qc7 12. Nbd2 Rd8 13. d5 c4 14. Nf1 Nb7 15. N3h2
g6 16. Bh6 Nc5 17. g4 Re8 18. Ng3 Kh8 19. Kh1 a5 20. Qd2 Rb8 21. a3 Qb6 22. Qe2
b4 23. axb4 axb4 24. Nf3 Ba6 25. Be3 Rec8 26. cxb4 c3 27. Rxa6 Qxa6 28. bxc5
Qxe2 29. Nxe2 Rxb2 30. Rc1 1-0

[Event "Moscow Open A 2016"]
[Site "Moscow RUS"]
[Date "2016.01.31"]
[Round "2.74"]
[White "Linker, Mikhail"]
[Black "Makhmutov, Rail"]
[Result "1-0"]
[BlackTitle "FM"]
[WhiteElo "2241"]
[BlackElo "2459"]
[WhiteFideId "14101734"]
[BlackFideId "4122151"]
[EventDate "2016.01.30"]

1. Nf3 d5 2. d4 Nf6 3. c4 c6 4. e3 a6 5. b3 Bf5 6. Be2 h6 7. O-O e6 8. Bb2 Nbd7
9. Nbd2 a5 10. Ne5 Be7 11. f4 Ne4 12. cxd5 cxd5 13. Nxe4 Bxe4 14. Bc3 Nf6 15.
Qe1 Bh7 16. f5 Ne4 17. Bd3 Nd6 18. Qg3 O-O 19. Qg4 Re8 20. a4 Bg5 21. Kh1 f6 22.
h4 Bxe3 23. Rae1 fxe5 24. f6 Qc7 25. Bxh7+ Kxh7 26. dxe5 gxf6 27. exd6 1-0

[Event "Moscow Open A 2016"]
[Site "Moscow RUS"]
[Date "2016.01.31"]
[Round "2.75"]
[White "Usmanov, Vasily"]
[Black "Chemurziev, Ruslan"]
[Result "1/2-1/2"]
[WhiteTitle "IM"]
[WhiteElo "2451"]
[BlackElo "2224"]
[WhiteFideId "4135741"]
[BlackFideId "4189094"]
[EventDate "2016.01.30"]

1. d4 c6 2. Nf3 d5 3. c4 Nf6 4. Qc2 dxc4 5. Qxc4 Bf5 6. g3 e6 7. Bg2 Nbd7 8. O-O
h6 9. Rd1 Be7 10. e3 O-O 11. Qe2 Ne4 12. Ne1 Qa5 13. f3 Nef6 14. e4 Bh7 15. Nc3
Rad8 16. Nd3 e5 17. Be3 exd4 18. Bxd4 Rfe8 19. Qf2 c5 20. Be3 g5 21. Rac1 c4 22.
b4 Bxb4 23. Nxb4 Qxb4 24. Bxa7 b6 25. Nd5 Nxd5 26. Rxd5 Qa3 27. Rxc4 Qxa7 28.
Rcd4 Ra8 29. Rxd7 Qxa2 30. Rd2 Qb1+ 31. Rd1 Qb3 32. Bf1 Ra2 33. Qd4 Qb2 34. Qxb2
Rxb2 35. Bc4 Bg6 36. R1d6 Kf8 37. Bd5 Rc8 38. Rd8+ Rxd8 39. Rxd8+ Ke7 40. Rb8
Kd6 41. Rd8+ Ke5 42. Bc4 Kf6 43. Rd7 b5 44. Rb7 b4 45. Kf1 Ke5 1/2-1/2

[Event "Moscow Open A 2016"]
[Site "Moscow RUS"]
[Date "2016.01.31"]
[Round "2.76"]
[White "Begelman, Boris"]
[Black "Dvalishvili, Pavel S."]
[Result "1/2-1/2"]
[BlackTitle "IM"]
[WhiteElo "2218"]
[BlackElo "2445"]
[WhiteFideId "34136441"]
[BlackFideId "4121996"]
[EventDate "2016.01.30"]

1. e4 c5 2. Nf3 e6 3. b3 a6 4. Bb2 b5 5. Bd3 Nc6 6. O-O d6 7. Re1 e5 8. a4 b4 9.
Bc4 Be7 10. d3 Nf6 11. Nbd2 O-O 12. Nf1 Na5 13. Ng3 Nxc4 14. dxc4 Be6 15. Nd2 g6
16. Ngf1 Nh5 17. Ne3 Nf4 18. Nd5 Nxd5 19. cxd5 Bc8 20. Nc4 a5 21. Bc1 Ba6 22.
Bh6 Re8 23. Qg4 Bxc4 24. bxc4 Bf8 25. Bg5 f6 26. Bd2 Re7 27. h4 Bg7 28. h5 Kf7
29. Re3 Qd7 30. Qxd7 Rxd7 31. hxg6+ hxg6 32. Rh3 f5 33. Kf1 Kf6 34. f3 Rb7 35.
Rb1 Rab8 36. Ke2 f4 37. Rb3 Rh8 38. Rb1 Rxh3 39. gxh3 Rb8 40. Kf2 Rh8 41. Kg2
Kf7 42. Kh2 Bf6 43. Be1 Bh4 44. Bxh4 Rxh4 45. Rf1 Rh8 46. Rb1 Kf6 47. Rf1 1/2-1/2

[Event "Moscow Open A 2016"]
[Site "Moscow RUS"]
[Date "2016.01.31"]
[Round "2.77"]
[White "Tugarin, Anton"]
[Black "Bigaliev, Renat"]
[Result "0-1"]
[BlackTitle "IM"]
[WhiteElo "2214"]
[BlackElo "2422"]
[WhiteFideId "24151246"]
[BlackFideId "4126289"]
[EventDate "2016.01.30"]

1. e4 c6 2. d4 d5 3. e5 Bf5 4. h4 a6 5. g4 Bd7 6. Nc3 c5 7. dxc5 e6 8. Be3 Qc7
9. f4 Bxc5 10. Bxc5 Qxc5 11. Qd2 Nc6 12. O-O-O O-O-O 13. Na4 Qb4 14. Qxb4 Nxb4
15. Nc3 Ne7 16. h5 f6 17. Nf3 Rdf8 18. Be2 fxe5 19. fxe5 Rf4 20. Ne1 d4 21. a3
dxc3 22. axb4 cxb2+ 23. Kxb2 Rxb4+ 24. Kc1 Nd5 25. Kd2 Nf4 26. Kc3 Rb6 27. Bf3
Bb5 28. Rh2 Rf8 29. Rd4 Bc6 30. Rc4 Kd7 31. Rd2+ Nd5+ 32. Bxd5 Bxd5 33. Rcd4 Ke7
34. Kd3 Rb1 35. Ke2 b5 36. c3 Rc8 37. Rc2 a5 38. Nd3 b4 39. c4 a4 40. Kd2 a3 41.
Nc1 Rb2 42. g5 Rxc4 0-1

[Event "Moscow Open A 2016"]
[Site "Moscow RUS"]
[Date "2016.01.31"]
[Round "2.78"]
[White "Khanin, Semen"]
[Black "Obgolts, Erik"]
[Result "1-0"]
[WhiteTitle "IM"]
[WhiteElo "2393"]
[BlackElo "2220"]
[WhiteFideId "4111990"]
[BlackFideId "24199044"]
[EventDate "2016.01.30"]

1. e4 c5 2. Nf3 e6 3. d4 cxd4 4. Nxd4 a6 5. Bd3 Ne7 6. O-O Nbc6 7. Nb3 Ng6 8. f4
Be7 9. Nc3 O-O 10. a4 b6 11. Be3 Nb4 12. Qe2 Nxd3 13. cxd3 d5 14. exd5 exd5 15.
Qf2 Rb8 16. Nd4 Bb7 17. Nf5 Bc6 18. Bd4 Bf6 19. Rac1 Re8 20. Bxf6 Qxf6 21. Nd4
Bb7 22. Nce2 Rbc8 23. Rxc8 Rxc8 24. Qe3 Qe7 25. Qxe7 Nxe7 26. Kf2 f6 27. Ke3 Kf7
28. Kd2 g6 29. b4 Nc6 30. Rb1 Ke7 31. b5 Nxd4 32. Nxd4 Kd6 33. bxa6 Bxa6 34.
Rxb6+ Kc5 35. Rxa6 Kxd4 36. Rb6 Ra8 37. Rb4+ Kc5 38. Kc3 g5 39. fxg5 fxg5 40.
Rb5+ Kc6 41. Kb4 Rf8 42. Rc5+ Kd6 43. a5 Rf2 44. a6 Rb2+ 45. Ka3 Rb8 46. a7 Ra8
47. Ra5 Kc6 48. Kb4 h5 49. Ra6+ Kb7 50. Kb5 d4 51. Ra2 g4 52. g3 Kc7 53. Ka6 1-0

[Event "Moscow Open A 2016"]
[Site "Moscow RUS"]
[Date "2016.01.31"]
[Round "2.79"]
[White "Appolonov, Sergey"]
[Black "Mkrtchyan, Sargis R."]
[Result "0-1"]
[WhiteTitle "IM"]
[WhiteElo "2380"]
[BlackElo "2214"]
[WhiteFideId "4116291"]
[BlackFideId "13307878"]
[EventDate "2016.01.30"]

1. Nf3 d5 2. g3 g6 3. Bg2 Bg7 4. c4 dxc4 5. Na3 e5 6. Qc2 Nc6 7. Nxc4 Nge7 8.
O-O O-O 9. d3 Re8 10. Be3 Nf5 11. Bg5 f6 12. Bd2 a5 13. Rac1 Be6 14. Qa4 b5 15.
Qxb5 Ncd4 16. Nxd4 Nxd4 17. Qa4 Nxe2+ 18. Kh1 Nxc1 19. Bxc1 Bd5 20. Qxe8+ Qxe8
21. Bxd5+ Kf8 22. Bxa8 Qxa8+ 23. Kg1 a4 24. Be3 f5 25. Bd2 h5 26. Re1 e4 27.
dxe4 fxe4 28. Bf4 Qd5 29. Rc1 c5 30. h4 Kf7 31. b3 axb3 32. axb3 Qd3 33. Be5 e3
34. Bxg7 e2 35. Re1 Kxg7 36. Ne5 Qxb3 37. Kg2 Qd1 38. Nf3 c4 0-1

[Event "Moscow Open A 2016"]
[Site "Moscow RUS"]
[Date "2016.01.31"]
[Round "2.80"]
[White "Sanzhaev, Darsen"]
[Black "Zhileykin, Andrey"]
[Result "1-0"]
[WhiteTitle "FM"]
[WhiteElo "2373"]
[BlackElo "2210"]
[WhiteFideId "24120030"]
[BlackFideId "24157503"]
[EventDate "2016.01.30"]

1. c4 Nf6 2. Nc3 c5 3. Nf3 d5 4. cxd5 Nxd5 5. g3 Nc6 6. Bg2 Nc7 7. d3 e5 8. Be3
Be7 9. O-O O-O 10. Rc1 Rb8 11. Nd2 Nd4 12. Nc4 f6 13. f4 b5 14. Na5 exf4 15.
Bxf4 b4 16. Bxc7 Qxc7 17. Nd5 Qd8 18. e3 Bd6 19. Nc4 Ne6 20. Qh5 Bb7 21. Nxf6+
gxf6 22. Bxb7 Rxb7 23. Qd5 Qe7 24. Nxd6 Rd8 25. Qxb7 Qxd6 26. Rxf6 Rd7 27. Qe4 1-0

[Event "Moscow Open A 2016"]
[Site "Moscow RUS"]
[Date "2016.01.31"]
[Round "2.81"]
[White "Samusenko, Maksim"]
[Black "Ioffe, Ilya"]
[Result "1-0"]
[WhiteTitle "FM"]
[WhiteElo "2362"]
[BlackElo "2200"]
[WhiteFideId "4112253"]
[BlackFideId "34134031"]
[EventDate "2016.01.30"]

1. e4 e5 2. Nf3 Nc6 3. Nc3 Nf6 4. Be2 d5 5. exd5 Nxd5 6. O-O Nxc3 7. bxc3 Bd6 8.
d4 O-O 9. Re1 Bf5 10. Rb1 e4 11. Nd2 Rb8 12. Nc4 Re8 13. Rb5 Bg6 14. Nxd6 Qxd6
15. g3 a6 16. Bf4 Qd7 17. Rb2 Bf5 18. Be3 Red8 19. Qb1 Qc8 20. a4 Be6 21. Bf1
Na5 22. Bf4 Bd5 23. Rb4 Nc6 24. c4 Nxb4 25. Qxb4 Be6 26. d5 Bf5 27. Qc5 b6 28.
Qxc7 Rb7 29. Qxc8 Rxc8 30. Be3 a5 31. Rb1 Rcb8 32. Bf4 Rc8 33. Bd6 e3 34. c5
exf2+ 35. Kxf2 Bxc2 36. Rxb6 Rd7 37. Bb5 Rdd8 38. Ke3 f6 39. Kd4 Kf7 40. Rb7+
Kg6 41. Be7 Rg8 42. d6 f5 43. d7 Ra8 44. c6 Be4 45. Rb6 Kf7 46. Bc5 1-0

[Event "Moscow Open A 2016"]
[Site "Moscow RUS"]
[Date "2016.01.31"]
[Round "2.82"]
[White "Fraiman, Dmitry"]
[Black "Asadli, Vugar"]
[Result "0-1"]
[BlackTitle "FM"]
[WhiteElo "2193"]
[BlackElo "2357"]
[WhiteFideId "34100641"]
[BlackFideId "13405764"]
[EventDate "2016.01.30"]

1. e4 c5 2. Nf3 e6 3. d4 cxd4 4. Nxd4 a6 5. Nc3 Qc7 6. g3 Bb4 7. Qd3 Nc6 8. Nxc6
bxc6 9. Qd4 Bf8 10. Bc4 d6 11. O-O Nf6 12. Bg5 Be7 13. Rad1 Bb7 14. Bxf6 gxf6
15. Bb3 h5 16. h4 Rg8 17. Ne2 O-O-O 18. Qe3 Kb8 19. c3 d5 20. Bc2 Rg4 21. Rfe1
Rdg8 22. Kf1 e5 23. Rd2 f5 24. exf5 c5 25. Nf4 d4 26. cxd4 cxd4 27. Qxe5 Bd6 28.
Qxd4 Bxf4 29. Rde2 Bxg3 30. Re8+ Bc8 31. Qd3 Bd6 32. Bb3 Rg1+ 0-1

[Event "Moscow Open A 2016"]
[Site "Moscow RUS"]
[Date "2016.01.31"]
[Round "2.83"]
[White "Rozhkov, Viacheslav"]
[Black "Allajov, Ramil"]
[Result "1-0"]
[WhiteTitle "FM"]
[WhiteElo "2339"]
[BlackElo "2186"]
[WhiteFideId "4181484"]
[BlackFideId "13402447"]
[EventDate "2016.01.30"]

1. e4 c5 2. Nf3 e6 3. d4 cxd4 4. Nxd4 a6 5. Nc3 Qc7 6. g3 b5 7. Bg2 Bb7 8. O-O
b4 9. Na4 Nf6 10. Re1 d6 11. a3 bxa3 12. Rxa3 e5 13. Nf5 g6 14. Bg5 Nxe4 15.
Bxe4 Bxe4 16. Rxe4 gxf5 17. Rc3 Qa5 18. Rxe5+ 1-0

[Event "Moscow Open A 2016"]
[Site "Moscow RUS"]
[Date "2016.01.31"]
[Round "2.84"]
[White "Murtazin, Bulat"]
[Black "Salman, Pavel"]
[Result "1-0"]
[WhiteTitle "FM"]
[BlackTitle "FM"]
[WhiteElo "2336"]
[BlackElo "2185"]
[WhiteFideId "24151351"]
[BlackFideId "24153753"]
[EventDate "2016.01.30"]

1. d4 Nf6 2. c4 e6 3. Nc3 Bb4 4. Qc2 c5 5. dxc5 Bxc5 6. Nf3 Qb6 7. e3 Qc7 8. b3
a6 9. Bb2 b6 10. Bd3 Bb7 11. Rd1 Be7 12. Ne4 d6 13. Nxf6+ Bxf6 14. Ba3 Nc6 15.
Bxh7 O-O-O 16. Be4 g5 17. Kf1 Kb8 18. Qd2 g4 19. Bxd6 Rxd6 20. Qxd6 gxf3 21.
Bxf3 Qxd6 22. Rxd6 Kc7 23. Rd2 Be7 24. g3 Bb4 25. Rd1 f5 26. h4 Ne5 27. Bxb7
Kxb7 28. Ke2 Kc7 29. e4 Re8 30. h5 Bc5 31. h6 fxe4 32. h7 Ng6 33. Rh6 Nh8 34. b4
Bxb4 35. Rd4 Bf8 36. Rh5 e3 37. Rg4 Re7 38. Rg8 Bg7 39. Kxe3 e5 40. Ke4 b5 41.
c5 Kc6 42. g4 a5 43. Ra8 a4 44. Ra6+ Kb7 45. Rb6+ Kc7 46. Rxb5 Rf7 47. Rf5 Rd7
48. Rb4 a3 49. Ra4 Kc6 50. Rxa3 Kxc5 51. f4 Nf7 52. fxe5 Nxe5 53. Rh5 Rd4+ 54.
Kf5 Rd8 55. Rg5 Nc4 56. Rxg7 Nxa3 57. Rg8 1-0

[Event "Moscow Open A 2016"]
[Site "Moscow RUS"]
[Date "2016.01.31"]
[Round "2.86"]
[White "Royset, Pal"]
[Black "Maximov, Oleg"]
[Result "1/2-1/2"]
[WhiteElo "2179"]
[BlackElo "2333"]
[WhiteFideId "1501330"]
[BlackFideId "4176960"]
[EventDate "2016.01.30"]

1. e4 c5 2. Nc3 a6 3. g3 b5 4. Bg2 Bb7 5. Nge2 b4 6. Nd5 e6 7. Ne3 Nf6 8. d3 d5
9. e5 Nfd7 10. f4 Qc7 11. O-O d4 12. Nc4 Bxg2 13. Kxg2 g6 14. a3 Nc6 15. Bd2 Nb6
16. axb4 Nxc4 17. dxc4 cxb4 18. Nc1 Bg7 19. Nd3 O-O 20. Qf3 a5 21. b3 f6 22.
exf6 Bxf6 23. Qe4 Rae8 24. h4 Bg7 25. Rae1 Nd8 26. Rh1 Qc6 27. h5 Qxe4+ 28. Rxe4
Nb7 29. h6 Bf6 30. Rhe1 Kf7 31. g4 Re7 32. R1e2 Rc8 33. Be1 Nc5 34. Nxc5 Rxc5
35. g5 Bh8 36. Bf2 a4 37. Bxd4 Bxd4 38. Rxd4 a3 39. Kf3 e5 40. fxe5 Rcxe5 41.
Rxe5 Rxe5 42. Rd7+ Re7 43. Rd5 Ra7 44. Rd1 Ra5 45. Rg1 Ke6 46. Ke4 Kd6 47. Kd4
a2 48. Ra1 Rxg5 49. Rxa2 Rg4+ 50. Kd3 Rh4 51. Ra6+ Kc5 52. Ra5+ Kc6 53. Rb5 Rxh6
54. Rxb4 Rh3+ 55. Kd4 Rh4+ 56. Ke3 Rh3+ 1/2-1/2

[Event "Moscow Open A 2016"]
[Site "Moscow RUS"]
[Date "2016.01.31"]
[Round "2.87"]
[White "Tolstikh, Nikolay"]
[Black "Klimentov, Evgeny"]
[Result "1-0"]
[WhiteTitle "IM"]
[WhiteElo "2332"]
[BlackElo "2170"]
[WhiteFideId "4106350"]
[BlackFideId "24128899"]
[EventDate "2016.01.30"]

1. Nf3 Nf6 2. c4 g6 3. d4 Bg7 4. g3 d6 5. Bg2 O-O 6. O-O Nc6 7. Nc3 a6 8. Bf4
Rb8 9. Rc1 Bd7 10. Qd2 b5 11. Nd5 e6 12. Nxf6+ Bxf6 13. Rfd1 Ne7 14. e4 Bc6 15.
d5 Ba8 16. Bh6 Bg7 17. Bxg7 Kxg7 18. dxe6 fxe6 19. Ng5 Qc8 20. Bh3 Rf6 21. c5 d5
22. Qc3 Qh8 23. Nxe6+ Kg8 24. Nxc7 dxe4 25. Rd7 Nf5 26. Nxa8 Rxa8 27. c6 Re6 28.
Qb3 Qf6 29. c7 1-0